|
|
|
|
| LEADER |
00000nbm0a2200000 4500 |
| 001 |
132068 |
| 005 |
20231031134708.0 |
| 035 |
|
|
|a (RuTPU)RU\TPU\book\143005
|
| 090 |
|
|
|a 132068
|
| 100 |
|
|
|a 20080227d1972 k y0rusy50 ca
|
| 101 |
0 |
|
|a rus
|
| 102 |
|
|
|a RU
|
| 105 |
|
|
|a a m 001zy
|
| 200 |
1 |
|
|a Исследование характеристик линейных однородных распределенных усилителей различных структур с помощью аппарата волновой теории многополюсника
|e Диссертация на соискание ученой степени кандидата технических наук
|f В. М. Винокуров
|g Томский институт автоматизированных систем управления и радиоэлектроники (ТИАСУР) ; науч. рук. А. А. Кузьмин
|
| 210 |
|
|
|a Томск
|d 1972
|
| 215 |
|
|
|a 170 л.
|c ил.
|
| 320 |
|
|
|a Библиогр.: с. 159-160 (105 назв.)
|
| 610 |
1 |
|
|a диссертации
|
| 610 |
1 |
|
|a многополюсники
|
| 610 |
1 |
|
|a волновая теория
|
| 610 |
1 |
|
|a синхронные усилители
|
| 610 |
1 |
|
|a аппараты
|
| 610 |
1 |
|
|a линейные усилители
|
| 610 |
1 |
|
|a матрицы
|
| 610 |
1 |
|
|a рабочие коэффициенты
|
| 610 |
1 |
|
|a нормирование
|
| 610 |
1 |
|
|a анализ
|
| 610 |
1 |
|
|a формулы
|
| 610 |
1 |
|
|a коэффициенты передачи
|
| 675 |
|
|
|a 621.375.14(04)
|v 3
|
| 700 |
|
1 |
|a Винокуров
|b В. М.
|
| 702 |
|
1 |
|a Кузьмин
|b А. А.
|4 727
|
| 712 |
0 |
2 |
|a Томский институт автоматизированных систем управления и радиоэлектроники (ТИАСУР)
|c (1971-1993)
|2 stltpush
|3 (RuTPU)RU\TPU\col\3065
|
| 801 |
|
1 |
|a RU
|b 63413507
|c 20080227
|g PSBO
|
| 942 |
|
|
|c BK
|